Statistics for Groups of things - Mythology

Click here to take the quiz!

General Stats

  • This quiz has been taken 200 times
    (193 since last reset)
  • The average score is 13 of 35

Answer Stats

HintAnswer% Correct
Children of CronusZeus
93%
Hades
92%
Rivers in the UnderworldStyx
80%
Jupiter
80%
Poseidon
78%
Mars
77%
Hera
75%
Venus
72%
Neptune
69%
Mercury
67%
Apollo
56%
12 Major Roman DeitiesJuno
49%
Demeter
49%
Diana
45%
Minerva
42%
Hestia
40%
Vulcan
34%
Ceres
24%
Lethe
20%
Minos
19%
Vesta
17%
Loki
16%
Acheron
11%
Phlegethon
8%
Freyr
8%
Frigg
8%
Cocytus
7%
Tyr
7%
Vanir GodsFreyja
6%
Baldr
5%
Chiron
5%
Judges Of the UnderworldRhadamanthus
4%
Aeacus
2%
Bragi
2%
Kvasir
0%

Score Distribution

Percentile by Number Answered

Percent of People with Each Score

Your Score History

You have not taken this quiz since the last reset